Imagined Worlds : Stories of scientific discovery

Đã lưu trong:
书目详细资料
主要作者: Andersen, Paul
格式: 图书
语言:Undetermined
出版: British Broadcasting Corporation Ariel books 1985
主题:
标签: 添加标签
没有标签, 成为第一个标记此记录!
Thư viện lưu trữ: Trung tâm Học liệu Trường Đại học Cần Thơ
LEADER 00532nam a2200193Ia 4500
001 CTU_80102
008 210402s9999 xx 000 0 und d
082 |a 081.2 
082 |b A544 
100 |a Andersen, Paul 
245 0 |a Imagined Worlds : 
245 0 |b Stories of scientific discovery 
245 0 |c Paul Andersen 
260 |a British Broadcasting Corporation 
260 |b Ariel books 
260 |c 1985 
650 |a Discovery,Science 
904 |i Trọng Hải 
980 |a Trung tâm Học liệu Trường Đại học Cần Thơ